=LDR 00000nam 2200000 4500 =001 000547 =005 20250711122504 =035 ##$$a 0010-0725000415 =007 ta =008 250711################a##########0#ind## =020 ##$$a 978-623-307-156-7 =082 ##$$a 398.209 598 =084 ##$$a 398.209 598 FEL c =100 #$$a Felishia =245 1#$$a Cerita dari Bawah Laut /$c Felishia =250 ##$$a Cetakan Kedua =260 ##$$a Rawamangun :$b Badan Pengembangan dan Pembinaan Bahasa,$c 2019 =300 ##$$a 28 hlm. : $b Ilus. ; $c 29,7 cm. =650 #4$$a Cerita Anak - Indonesia =650 #4$$a Literasi - Bahan bacaan =856 ##$$a TBM AS SUHADA =990 ##$$a TBM03080308